zpět

Detail výsledku týmu

Be Friendly, Praha

Datum a čas kvízu

35.5 Celkem bodů Celkový počet nahraných bodů na tomto kvízu bez doplňovacích otázek.
5. Pořadí na kvízu Konečné umístění týmu na tomto kvízu.

Zaznamenané odpovědi

# Otázka Odpověď Body Výsledky
1. Nestává se často, aby Černínsk... Mahátma Gándhí 1
2. V předčasných volbách do posla... Sluha národa 0
3. V pátek začal v Uherském Hradi... Letní filmová škola 1
4. Řetězec supermarketů a hyperma... Albert/ Ahold 1
5. Jak se jmenuje 36letý útočník,... Tomáš Plekanec 1
6. Anch (též nilský kříž) je egyp... Koptové 1
7. Na obrázku vidíme jednoho z ne... hlavohruď, zadeček 1
8. Český film režiséra Václava Ka... Křižáček 0
5. Úsek dálnice D1 poblíž známého... při svatebním průvodu 0
5. Jedním z nejznámějších křižník... Kateřina II. Veliká 0